เปลี่ยนเป็นภาษาไทย

Change to English
 แสดงรายละเอียดบรรณานุกรม
  กลับหน้าหลัก

Brief Record : Get Marc (ISO 2709) : E-mail record : QR code ปิดหน้าต่าง
LEADER 00000nam 2200000uu 4500
001    17879
003     ULIBM
008    020711s2558 th a 000 0 tha d
020    978-616-91190-2-9
100    ชยสาโร ภิกขุ
245    ตามความเป็นจริง
250    พิมพ์ครั้งที่ 8
260    กรุงเทพฯ :^bบริษัท โรงพิมพ์อักษรสัมพันธ์(1987)จำกัด,^c2558
300    208 หน้า
รายการนี้ยังไม่มีแท็ก
คุณยังไม่ได้ล็อกอิน คุณสามารถมีกิจกรรมร่วมกับเว็บไซต์ได้ แต่ต้องล็อกอินก่อน ::
  ล็อกอิน
ลำดับที่ ประเภท เลขเรียก/บาร์โค้ด สถานที่ สถานะ
1. หนังสือ
หนังสือ
2558  
  Barcode: 0003234
หนังสือทั่วไป On Shelf
   [แสดง 1/1 รายการ]

รายการใกล้เคียง
    ชื่อเรื่อง [ตามความเป็นจริง]

    ผู้แต่ง [ชยสาโร ภิกขุ]

BibComment


ยังไม่เคยถูกคอมเมนท์

คอมเมนท์ทรัพยากรรายการนี้
  คอมเมนท์: ตามความเป็นจริง
Bib 17879


 Union Library Management : ULibM
Copyright 2026. All Rights Reserved.